A Survey of Research on Retail Central Bank Digital Currency /

This paper examines key considerations around central bank digital currency (CBDC) for use by the general public, based on a comprehensive review of recent research, central bank experiments, and ongoing discussions among stakeholders. It looks at the reasons why central banks are exploring retail C...

Descrizione completa

Dettagli Bibliografici
Autore principale: Kiff, John
Altri autori: Alwazir, Jihad, Davidovic, Sonja, Farias, Aquiles
Natura: Periodico
Lingua:English
Pubblicazione: Washington, D.C. : International Monetary Fund, 2020.
Serie:IMF Working Papers; Working Paper ; No. 2020/104
Accesso online:Full text available on IMF
LEADER 01833cas a2200277 a 4500
001 AALejournalIMF021047
008 230101c9999 xx r poo 0 0eng d
020 |c 5.00 USD 
020 |z 9781513547787 
022 |a 1018-5941 
040 |a BD-DhAAL  |c BD-DhAAL 
100 1 |a Kiff, John. 
245 1 2 |a A Survey of Research on Retail Central Bank Digital Currency /  |c John Kiff, Jihad Alwazir, Sonja Davidovic, Aquiles Farias. 
264 1 |a Washington, D.C. :  |b International Monetary Fund,  |c 2020. 
300 |a 1 online resource (66 pages) 
490 1 |a IMF Working Papers 
500 |a <strong>Off-Campus Access:</strong> No User ID or Password Required 
500 |a <strong>On-Campus Access:</strong> No User ID or Password Required 
506 |a Electronic access restricted to authorized BRAC University faculty, staff and students 
520 3 |a This paper examines key considerations around central bank digital currency (CBDC) for use by the general public, based on a comprehensive review of recent research, central bank experiments, and ongoing discussions among stakeholders. It looks at the reasons why central banks are exploring retail CBDC issuance, policy and design considerations; legal, governance and regulatory perspectives; plus cybersecurity and other risk considerations. This paper makes a contribution to the CBDC literature by suggesting a structured framework to organize discussions on whether or not to issue CBDC, with an operational focus and a project management perspective. 
538 |a Mode of access: Internet 
700 1 |a Alwazir, Jihad. 
700 1 |a Davidovic, Sonja. 
700 1 |a Farias, Aquiles. 
830 0 |a IMF Working Papers; Working Paper ;  |v No. 2020/104 
856 4 0 |z Full text available on IMF  |u http://elibrary.imf.org/view/journals/001/2020/104/001.2020.issue-104-en.xml  |z IMF e-Library